[Event "Gashimov Memorial"]
[Site "Shamkir"]
[Date "2015.04.18"]
[Round "2"]
[White "Carlsen, Magnus"]
[Black "Mamedyarov, Shakhriyar"]
[Result "1-0"]
[WhiteElo "2863"]
[BlackElo "2756"]
[Annotator "Krasenkow,M"]
[PlyCount "57"]
[EventDate "2015.04.17"]
[EventType "tourn"]
[EventRounds "9"]
[EventCountry "AZE"]
[EventCategory "21"]
[SourceTitle "CBM 166"]
[Source "ChessBase"]
[SourceDate "2015.05.11"]

1. d4 d5 2. c4 c6 3. Nf3 Nf6 4. e3 g6 5. Nc3 Bg7 6. Be2 O-O 7. O-O b6 {Quite a
passive system leading to a small plus for White. However, Black's position is
solid and difficult to break.} 8. a4 {Among other options seen in practice:} (
8. b4) (8. b3) (8. cxd5) (8. Bd2) (8. Qc2) (8. Ne5) (8. Qb3) 8... a5 (8... Bf5
9. a5 Nbd7 10. cxd5 cxd5 11. a6 $1 Nb8 12. Ne5 Nfd7 13. Bf3 Nxe5 14. dxe5 Nc6
15. Bxd5 Rc8 16. e4 Bd7 17. f4 $16 {1-0 (35) Golod,V (2576)-Meenakshi,S (2310)
Port Erin 2006}) (8... Nbd7 9. cxd5 $1 cxd5 10. b3 Bb7 11. Ba3 Ne4 12. Rc1 Rc8
13. Nxe4 dxe4 14. Rxc8 Qxc8 15. Nd2 Re8 16. Qb1 e5 17. Nc4 Qa8 18. Nd6 $14 {
1/2 (47) Zhou,J (2574)-Yu,R (2548) China 2014}) (8... Ba6 9. b3 (9. a5 dxc4 10.
axb6 axb6 11. Bxc4 b5 12. Be2 b4 13. Na4 c5 $1 $11 {1/2 (41) Szoen,D (2452)
-Orzech,D (2394) Rewal 2007}) 9... c5 10. Ba3 $36 cxd4 $6 11. Nxd4 Bb7 12. Bf3
Re8 13. cxd5 Nxd5 14. Ndb5 e6 15. Nxd5 Bxd5 16. Nd6 $18 {1-0 (26) Koziak,V 
(2489)-Orzech,D (2472) Rewal 2008}) (8... Bb7 9. a5 e6 10. b4 dxc4 11. Bxc4 Nd5
12. Nxd5 exd5 13. Bd3 b5 14. Nd2 a6 15. Nb3 Nd7 16. Qf3 f5 17. Qg3 Rf7 18. Bd2
$14 {1/2 (39) Bukavshin,I (2517)-Bu,X (2670) Moscow 2012}) 9. cxd5 (9. Qb3 $5
e6 10. Bd2 Nbd7 (10... Na6 {[%csl Yb4] looks more logical}) 11. Rfd1 Qc7 12.
Rac1 Qb8 13. Bd3 Bb7 14. cxd5 exd5 15. e4 dxe4 16. Nxe4 Nd5 17. Bc4 Re8 18. Nc3
N7f6 19. Ne5 $16 {1-0 (32) Arutinian,D (2561)-Petrosyan,T (2315) Jermuk 2012})
9... cxd5 (9... Nxd5 {makes some sense here since the knight can take the
comfortable b4-square; however, White can comfortably bypass it:} 10. e4 Nb4
11. Be3 ({or} 11. h3 Nd7 12. Bg5 Ba6 13. Rc1 Re8 14. Bxa6 Rxa6 15. Qe2 Ra8 16.
Rfd1 Qb8 17. Qc4 Qb7 18. e5 Nf8 19. d5 $14 {1/2 (33) Roeder,M (2440)-Sapis,W 
(2440) Cappelle la Grande 1995}) 11... Bg4 12. h3 Bxf3 13. Bxf3 N8a6 14. d5 Nc5
15. Qe2 Qe8 $5 16. Rfd1 Rc8 17. dxc6 Qxc6 18. e5 $14 {1/2 (32) Anand,V (2800)
-Wang,Y (2732) Nanjing 2010 CBM 139 (Edouard,R)}) 10. b3 Ne4 $6 {Black doesn't
just neglect development but also trades White's "excess piece", i.e. his
c3-knight, which only blocks his activity on the c-file. Additionally, Black
obtains a vulnerable e4-pawn. Not surprisingly, he gets into trouble.} (10...
Bb7 11. Ba3 Nc6 12. Rc1 Rc8 {looks more appropriate.}) 11. Nxe4 dxe4 12. Nd2
Bb7 13. Ba3 f5 (13... Nc6 $142 {but still after} 14. Rc1 Rc8 15. Bb5 {[%cal
Yd1e2] White is clearly on top.}) 14. Rc1 Kh8 15. Nc4 Nd7 16. d5 $1 Rc8 17. d6
e6 $8 {[%csl Gd6]} 18. b4 $1 {White must open up the queenside to reach
Black's blockading d7-knight.} axb4 19. Bxb4 Bd5 20. a5 $1 bxa5 21. Bxa5 Qe8
22. Qa4 Bc6 23. Qb4 Rb8 24. Nb6 $1 Ne5 $2 (24... Nxb6 $142 25. Bxb6 Qd7 {
- although the queen is not the best blockader, White still had to work hard
to make use of his passed pawn.}) 25. Qc5 Ba8 $2 {This loses instantly but
gymnastics like} (25... Rf7 26. Bc3 Rfb7 $1 27. Bxe5 Rxb6 {would have hardly
rescued Black either.}) 26. Bc3 $1 Nd7 (26... Qc6 27. Qxe5 $1 $18) (26... Nf7
27. Bb5 Qd8 28. Nd7) (26... Bd5 27. Nxd5 exd5 28. Qxd5 $18) 27. Bxg7+ Kxg7 28.
Nxd7 Qxd7 29. Qe5+ {[%cal Rc1c7]} 1-0

[Event "Gashimov Memorial"]
[Site "Shamkir"]
[Date "2015.04.17"]
[Round "1"]
[White "Anand, Viswanathan"]
[Black "Carlsen, Magnus"]
[Result "1/2-1/2"]
[WhiteElo "2791"]
[BlackElo "2863"]
[Annotator "Pavlovic,M"]
[PlyCount "106"]
[EventDate "2015.04.17"]
[EventType "tourn"]
[EventRounds "9"]
[EventCountry "AZE"]
[EventCategory "21"]
[SourceTitle "CBM 166"]
[Source "ChessBase"]
[SourceDate "2015.05.11"]

1. e4 e5 2. Nf3 Nc6 3. Bb5 a6 {No Berlin this time.} 4. Ba4 Nf6 5. O-O Be7 6.
Re1 b5 7. Bb3 O-O 8. c3 d5 {The Marshall Attack is definitely one of the most
popular choices on the top level.} 9. exd5 Nxd5 10. Nxe5 Nxe5 11. Rxe5 c6 12.
d3 Bd6 13. Re1 Bf5 14. Qf3 Bg6 {A completely new idea. I will add here a
recent game from the USA Ch..} (14... Qh4 15. g3 Qh3 16. Be3 Bxd3 17. Nd2 Bf5 {
rare choice , usually they go 17..Qf5} 18. Bd4 Rfe8 19. c4 (19. Bxd5 cxd5 20.
Qxd5 Bf8 {this must be critical for the evaluation of Black's idea. White is a
pawn up but the bishop pair and weak light squares help Black immensely in
getting his usual compensation}) 19... Bg4 20. Qg2 Qxg2+ 21. Kxg2 Nb4 22. Ne4
Bf8 23. cxb5 {Now Black has a few ideas:} cxb5 (23... Be6 $5 24. b6 (24. Bxe6
Rxe6 25. Nc3 Rxe1 26. Rxe1 axb5 {again Black is ok}) 24... Bxb3 25. b7 Bd5 26.
bxa8=Q Rxa8 27. f3 Nc2 {is fine for Black}) (23... axb5 24. Ng5 Bh5 25. g4 Rxe1
26. Rxe1 Bg6 27. f4 h6 28. f5 Bh5 29. gxh5 hxg5 30. a3 c5 {Black has enough
counterplay}) 24. Ng5 Bh5 25. g4 Bg6 26. f4 Nc2 27. Rxe8 Rxe8 28. Rd1 Nxd4 {
not best; after this White takes over the initiative} (28... h6 $5 29. f5 Bh5
30. gxh5 hxg5 31. Bf2 Ne3+ 32. Bxe3 Rxe3 33. Rd7 Be7 34. Ra7 Re2+ 35. Kf3 Re3+
$1 $11) 29. Rxd4 Be7 30. Nf3 Bb1 31. Nd2 $18 {1-0 (36) So,W (2788)-Onischuk,A 
(2665) Saint Louis 2015, White is wining}) 15. Bxd5 cxd5 16. Bf4 d4 17. cxd4
Bb4 18. Nc3 Qxd4 19. Be5 Qd7 $6 {Black had to take on d3 and although it looks
a bit unpleasant it seems that Black can hold:} (19... Qxd3 20. Re3 {now two
reasonable moves for Black:} Qc4 (20... Qf5 21. Qxf5 Bxf5 22. Nd5 Bc5 23. Rc3
Rac8 24. Rac1 Rfe8 25. Rxc5 Rxc5 26. Rxc5 Rxe5 27. f4 $14) 21. Nd5 Rad8 22.
Nf6+ (22. Rd1 f6 $1 {with good play}) 22... Kh8 $1 {is fine for Black.}) 20.
Nd5 $1 f6 (20... Bxe1 21. Nf6+ $1 gxf6 22. Qxf6 $18) 21. Nxb4 fxe5 22. Qd5+
Qxd5 23. Nxd5 Bxd3 24. Rxe5 {He is a clear pawn up} Rfe8 25. Rxe8+ Rxe8 26. Ne3
Rc8 27. a3 a5 28. h4 Bg6 29. Rd1 b4 30. axb4 axb4 31. g4 b3 {Carlsen is
putting up the best defence.} 32. h5 Bf7 33. Kg2 Kf8 34. Kg3 Ra8 35. Rd2 {
This is probably winning for Anand; everyone noticed that during the live
comentaries, but to win it it is not easy, otherwise we wouldn't be talking
now about a draw in this game, but about 1-0. Somehow it is not easy to find a
clear winning path for Anand, and computers defend Carlsen's position with
utmost accuracy.} h6 36. Nf5 Be6 37. Nd4 Bf7 38. f3 Rc8 39. Kf4 Rc1 40. Nf5 Kg8
41. Rd8+ Kh7 42. Rd7 Kg8 43. Rd8+ Kh7 44. Rd7 Kg8 45. Nd6 {White has many
ideas here; let's try some.} (45. Rb7 Rc2 46. Nd6 Be6 47. Ke5 Re2+ 48. Ne4 Bf7
49. f4 ({another try might be} 49. g5 Bxh5 50. Rxb3 hxg5 51. Kf5 Kf8 52. Nxg5 {
with a big advantage but still no clear winning path}) 49... Rxb2 ({But Black
doesn't need to be cooperative as pointed out by Rainer Knaak so} 49... Kf8 $5
50. Rb8+ Ke7 51. f5 Be8 $1 52. Rb7+ Kf8 53. Rxb3 Bc6 54. Rb4 Bxe4 55. Rxe4 Rxb2
{and Black should make a draw here, surely not an easy defence, but it is
possible that Carlsen might have seen it.}) 50. g5 Bxh5 51. gxh6 Rg2 52. hxg7 {
White wins, that was one possible line for instance.}) (45. Nh4 Be6 46. Rb7 Bd5
$1 {very precise!} (46... Rc2 $2 47. Ng6 Bc4 48. Rb8+ Kf7 49. Ke5 $1 {White
wins}) 47. Rb8+ Kh7 $1 (47... Kf7 48. Ke5 $1 {with the mating idea Ng6}) 48.
Ng6 Bg8 49. Ne7 Bf7 50. Rb7 Rc2 51. Nf5 Kg8 {and we have reached the same
position as after 45.Rb7 Rc2.}) 45... Be6 46. Re7 Bd5 47. Kf5 $2 {A mistake
that spoils all his advantage and all chances to play for win.} Rc6 $1 {
Now it is just a draw.} 48. Ke5 Bxf3 49. Nf5 g5 50. Rg7+ Kh8 51. Rg6 Kh7 52.
Rg7+ Kh8 53. Rg6 Kh7 1/2-1/2

[Event "Grenke Chess Classic 3rd"]
[Site "Baden-Baden"]
[Date "2015.02.04"]
[Round "3"]
[White "Naiditsch, Arkadij"]
[Black "Carlsen, Magnus"]
[Result "1-0"]
[WhiteElo "2706"]
[BlackElo "2865"]
[Annotator "Szabo,Kr"]
[PlyCount "121"]
[EventDate "2015.02.02"]
[EventType "tourn"]
[EventRounds "7"]
[EventCountry "GER"]
[EventCategory "20"]
[SourceTitle "CBM 165"]
[Source "ChessBase"]
[SourceDate "2015.03.11"]

1. e4 g6 2. d4 Bg7 3. Nc3 d6 4. Be3 a6 5. a4 Nf6 6. h3 O-O 7. g4 {An ambitious
move. White has gained some space and he would like to restrict Black's pieces
as much as possible.} ({Nevertheless} 7. Nf3 {is more popular.}) 7... e5 8. d5
c6 9. Nge2 cxd5 10. exd5 Bxg4 $6 {A creative reply, Black sacrifices a piece
for two Ps, but objectively this is not so good.} (10... Ne8 {was more solid,
and Black tries to play for ...f5.}) 11. hxg4 Nxg4 12. Qd2 Nd7 13. Ne4 f5 {
Black activates his central Ps. On the other hand White is also active, his
pieces are powerful.} 14. Bg5 $1 Qb6 15. Bh3 $1 {Another strong intermediate
move. White doesn't escape with his e4 N, he also attacks his opponent's N.}
Ndf6 (15... Qxb2 {could have been met by} 16. O-O $1 {. Finally White has
finished his development and now he is threatening Rfb1 trapping the Q.}) (
15... fxe4 16. Bxg4 Qxf2+ 17. Kd1) 16. Nxf6+ Nxf6 17. Nc3 $2 {A mistake, which
allows some counterplay for Black.} ({The simply} 17. b3 $16) ({or} 17. Bxf6
Bxf6 18. c3 $16 {was better for White.}) 17... Qxb2 $1 {The right move. Black
captures the P, and now he has some threats on the c-file.} 18. Rb1 (18. O-O $2
{is not working, because of} Rac8 {and Black is very strong on the c-file.})
18... Qa3 19. Rxb7 Rf7 $6 {An inaccuracy.} (19... Rab8 $1 {was the correct
reply to control the b-file,} 20. Rxg7+ (20. Rxb8 Rxb8 21. Bg2 e4 $132 {
with strong counterplay.}) 20... Kxg7 21. Bxf5 gxf5 22. Bxf6+ Kxf6 $1 ({
Of course not} 22... Rxf6 $2 23. Qg5+ Rg6 24. Qe7+ $18 {and White wins.}) 23.
Rxh7 f4 24. Qd3 Qc1+ 25. Ke2 Rf7 26. Rxf7+ Kxf7 27. Qf5+ $11 {and a draw with
perpetual check.}) 20. Rb3 Qc5 ({In he event of} 20... Qa1+ 21. Rb1 Qa3 22. Bg2
$16 {White is solid, his position is better.}) 21. Qe3 Qc7 22. Qb6 $1 {White
forces the exchange of Qs, because the endgame is better for him.} e4 23. Qc6 {
White closes the c-file, and he attacks the a8 R. On the other hand this is
not the best move.} (23. a5 $142 $16 {was more accurate.}) 23... Rc8 24. O-O (
24. Qxc7 Rfxc7) 24... Qxc6 25. dxc6 Rxc6 {Now Black has three Ps for the piece,
but the pair of Bs and the weak a6 P give an important target to White.} 26.
Rfb1 (26. Rd1 $5 {was also possible.}) 26... h6 27. Bxf6 Bxf6 28. Nxe4 $1 {
A trade of advantages. The endgame after 28...fxe4 29.Be6 is practically very
difficult for Black, so Carlsen decides to give up the P again. Moreover he
will win the c2 P.} Be5 (28... fxe4 $6 29. Be6 Kf8 30. Bxf7 Kxf7 31. Rb6 Rxc2
32. Rxd6 $16 {followed by Rbb6 and White is better.}) 29. Nd2 (29. Rb6 $5 {
was an interesting alternative.}) 29... Rxc2 30. Nf3 Ra2 31. Bg2 $6 {A dubious
move, White should take Black's B.} (31. Nxe5 $1 dxe5 32. Rb6 Rxa4 33. Rxg6+
Kh7 34. Rbb6 $16 {and White has a good winning chance.}) 31... Bf6 $1 {The
correct move. Black saves his B, which is very important for him.} 32. Nh2 Kg7
33. Bd5 Re7 34. Rb4 Rd2 $1 35. Bc4 a5 $1 36. Rb7 Rd4 37. Rxe7+ Bxe7 38. Bb5 h5
{With the amount of black pawns he has enough to compensate for the piece.
However the most important aspect is that White has no real targets: the
a5-pawn can be easily defended by the bishop.} 39. Nf3 Rf4 40. Kg2 h4 41. Rd1
Rg4+ {These type of checks are useful, because White has to decide about his K.
} 42. Kf1 ({In the event of} 42. Kh3 Rf4 43. Kg2 (43. Rd3 $6 g5) 43... Rg4+ {
is only a repetition of moves.}) 42... h3 {This is a really attractive move to
push the passed P, but on the other hand the h3-pawn could become a target.} (
42... Kf6 43. Rd3) 43. Rd3 $1 {White prepares for Nh2.} Bf6 $1 {A good move,
Carlsen doesn't want to protect the d6 P. Black's idea should basically always
be to play g5-g4 and connect the Ps.} ({The immediate} 43... g5 44. Nh2 (44.
Rd5 $5) 44... Rf4 $1 (44... Rh4 45. Rf3 $1 $16 {followed by Bd7 and Black
loses a P.}) 45. Rxh3 g4 46. Rc3 Bh4 47. Rc4 $1 Rxf2+ 48. Kg1 {followed by
Nxg4.}) 44. Nh2 ({Or} 44. Rxd6 Rf4 45. Rd3 g5 {followed by g4. I think the
position should be a draw.}) 44... Rh4 45. Kg1 {White prepares for a nice plan.
First he needs to free the N from h2. Then Nf3 or Nf1, followed by Kh2.} ({
Objectively} 45. Rxd6 $1 {was the best, but in a practical game, this is very
difficult.} Be5 46. Rd7+ Kf6 47. Kg1 Rb4 48. Rh7 $1 Rb1+ 49. Nf1 $14) 45... Bd4
46. Rf3 {White avoids the g5-g4 at the moment.} Kf6 47. Nf1 Be5 ({The reckless
} 47... g5 $6 {could have been met by} 48. Bd7 $1) (47... d5 $5 {was also a
possibility.}) 48. Ne3 {White prepares for Nc4 to win the a5 P, because his a4
will be a strong passed P.} Kg5 $6 {This move is a little bit strange. The K
prevents his g-P, so probably the black K has to go back to f6.} ({Black had
to play} 48... h2+ $1 49. Kh1 Rd4 {Black prepares for ...Rd2.} 50. Kg2 Kg5 51.
Rh3 d5 $11 {and of course Black still has a serious fight for equality, but
objectively the position should probably be very close to equal.}) 49. Kh1 $1 {
A very deep and calm move by Naiditsch. White is threatening Nc4, and he has
avoided ...Rg4+.} ({The immediate} 49. Nc4 $2 {allows} Rg4+ 50. Kh1 Kh4 $1 $11
{defending the h3 P. The position should be around equal.}) 49... Kf6 $6 ({
Probably the best practical chance would have been} 49... Rf4 $142 50. Rxf4 (
50. Rg3+ Kh4 51. Rxg6 Rxf2 $11) (50. Rxh3 Rxf2 {and I think Black should be
able to save the game.}) 50... Kxf4 51. Be8 g5 52. Bd7 Kf3 53. Bxf5 Kxf2 54.
Nc4 Bc3 55. Nxd6 Bb4 {and Black has also a good chance for to reach the draw.})
50. Nc4 {This is a slightly risky move, because White allows the quick g5-g4,
but this is the only chance to win the a5 P, otherwise White can't improve his
position.} g5 {Of course Black doesn't have anything better than to try and
create counterplay on the kingside as quickly as possible.} 51. Nxa5 g4 52. Rd3
f4 53. Nc4 Rh7 (53... g3 $2 {is not working, as} 54. fxg3 fxg3 55. Nxe5 g2+ 56.
Kh2 Kxe5 57. Bd7 {and White will win all the black Ps, moreover the a-P is the
correct colour to win with.}) 54. Nxe5 (54. Nxd6 $5 {was also strong.}) 54...
dxe5 55. a5 Rc7 {The rook must be activated.} 56. Ra3 Rc1+ {Of course Black
has to create some counterchance; the passive ...Ra7 loses without creating
difficulties for White.} 57. Kh2 Rc2 58. a6 $1 {Well calculated! Black's four
connected passed Ps are not so dangerous as White's one passed P on the
a-file! Of course the b5 B is the most important one for this.} Rxf2+ 59. Kh1
g3 60. a7 {The B from b5 covers the f1 square.} Rd2 (60... Rb2 61. Ra1 $18) 61.
Ra1 {and Black resigned, because he can't stop White from playing a8Q. A great
victory by Naiditsch!} (61. Ra1 Rh2+ 62. Kg1 Rg2+ 63. Kf1 Rf2+ 64. Ke1 h2 65.
a8=Q $18) 1-0